000 01033nam a2200217Ia 4500
003 Ost
005 20260507075053.0
008 260507s9999||||xx |||||||||||||| ||und||
040 _cfsecg
041 _aara
082 _a657
100 _aالشريف، سامر عدنان حمدي
_eمؤلف
245 0 _aأصول المحاسبة /
_c سامر عدنان حمدي الشريف
260 _aعمان:
_bدار الصفاء للنشر والتوزيع,
_c2001
300 _a228 صفحة؛
_bإيضاحات ؛
_c24 سم
520 _aتعريف المحاسبة، الفروض المحاسبية، نظام المعلومات المحاسبي، المفاهيم الأساسية، تحليل المعلومات المالية ومعادلة الميزانية، حالات دفع رأس المال، عمليات البضاعة، الأوراق التجارية، ميزان المراجعة
653 _aالأوراق التجارية
653 _aالمحاسبة
653 _aالميزانية
942 _cكتاب
999 _c42687
_d42687